000 00318nam a22001457a 4500
020 _a9789312149836
041 _aENG
100 _averma .R
245 _aFast Track Objective Arithmetic
250 _arevised
260 _aPune
_bArihant
_c2019
300 _a870
650 _aBanking
856 _uCompetitive Exam
999 _c199
_d199